1361 1675 1514 1026 1473 1187 1347 1454 1257 1393 1533 1687 1722 1995 1403 1878 1053 1637 1332 1600 1997 1195 1212 1984 1542 1511 1640 1490 1021 1092 1004 1188 1522 1625 1489 1660 1013 1830 1506 1697 1189 1123 1404 1191 1097 1850 1253 1160 1864 1630 1010 1839 1144 1250 1483 1698 1153 1502 1435 1984 1977 1635 1872 1005 1580 1088 1924 1614 1597 1718 1811 1752 1237 1522 1947 1204 1338 1153 1634 1946 1793 1804 1963 1785 1282 1640 1919 1058 1645 1829 1086 1516 1873 1635 1827 1720 1616 1337 1942 BCNSPRNW ULIB Ver.6.0+V

เปลี่ยนเป็นภาษาไทย

Change to English
 แสดงรายละเอียดบรรณานุกรม
  กลับหน้าหลัก

Brief Record : Get Marc (ISO 2709) : E-mail record : QR code < ปิดหน้าต่าง
LEADER : 00000nam 2200000uu 4500
001    13399127141
003     ULIB
008    020711s2019 th a 000 0 eng d
020    ^a9780323532006
060    ^aWY100^bS974A
100    ^aSwearingen, Pamela L. and Jacqueline Wright
245    ^aAll-in-One Nursing Care Planning Resource: Medical-Surgical, Pediatric, Maternity, and Psychiatric-Mental Health
250    ^a5th ed
260    ^aLouis, Missouri :^bElsevier,^c2019
300    ^a806 pages;^b30 cm
650    ^aNursing Care Planning
945    ^p1730^l0^i006331
999    ^aประนอม เกษจรัล
รายการนี้ยังไม่มีแท็ก
คุณยังไม่ได้ล็อกอิน คุณสามารถมีกิจกรรมร่วมกับเว็บไซต์ได้ แต่ต้องล็อกอินก่อน ::
  ล็อกอิน

รายการสื่อสารสนเทศ

ลำดับที่ ประเภท เลขเรียก/บาร์โค้ด สถานที่ สถานะ
1. Book การพยาบาล
Book การพยาบาล
WY100 S974A ฉ.1 
  Barcode: 006331
ห้องสมุดวิทยาเขตสวรรค์ประชารักษ์
►หนังสือทั่วไป
บนชั้น

รายการใกล้เคียง
    หัวเรื่อง [Nursing Care Planning]

BibComment


ยังไม่เคยถูกคอมเมนท์

คอมเมนท์ทรัพยากรรายการนี้
  คอมเมนท์: AllinOne Nursing..


 Copyright 2026. Bcnsprnw @Library